[Event "Paleochora op 15th"]
[Site "Paleochora"]
[Date "2022.07.23"]
[Round "8"]
[White "Kosmas Lekkas, Dimitrios"]
[Black "Basso, Pier Luigi"]
[Result "0-1"]
[WhiteElo "2291"]
[BlackElo "2561"]
[PlyCount "236"]
[EventDate "2022.07.17"]
[EventType "swiss"]
[EventRounds "9"]
[EventCountry "GRE"]
[SourceTitle "CBM 209 Extra"]
[Source "ChessBase"]
[SourceDate "2022.09.30"]
[SourceVersion "1"]
[SourceVersionDate "2022.09.30"]
[SourceQuality "1"]

1. e4 c6 2. Nf3 d5 3. Nc3 dxe4 4. Nxe4 Nf6 5. Qe2 Nxe4 6. Qxe4 Be6 7. b3 Bd5 8. Qe3 Bxf3 9. Qxf3 e6 10. Bb2 Nd7 11. Be2 Nf6 12. 0-0 Be7 13. Bd3 0-0 14. Qh3 g6 15. Qh6 Re8 16. a4 a5 17. Bc4 Bf8 18. Qf4 Bg7 19. d4 Nd5 20. Qe4 Qf6 21. Rad1 Red8 22. g3 Rd7 23. Rd2 Rad8 24. Rfd1 Qe7 25. Bf1 Qb4 26. c4 Nc3 27. Bxc3 Qxc3 28. Rd3 Qb4 29. h4 h5 30. Bg2 Qd6 31. f4 Bxd4+ 32. Kh1 Qc5 33. Bf3 Kg7 34. Kg2 Rd6 35. Qe2 Bf6 36. Rxd6 Rxd6 37. Rxd6 Qxd6 38. Qd1 Qa3 39. Kh3 Qb2 40. Qd3 Bd4 41. Bd1 Kf8 42. Bc2 Qa1 43. Bd1 f5 44. Qd2 Ke7 45. Bf3 Qc3 46. Qxc3 Bxc3 47. c5 Bd4 48. Be2 Bxc5 49. Bc4 Kf6 50. Kg2 Bd4 51. Kf3 e5 52. fxe5+ Bxe5 53. Kg2 Bc3 54. Kf3 Be1 55. Kf4 Bd2+ 56. Kf3 g5 57. hxg5+ Bxg5 58. Kf2 Ke5 59. Bf7 h4 60. gxh4 Bxh4+ 61. Ke3 Bg5+ 62. Kd3 Bh4 63. Be8 Ke6 64. Bg6 Bf2 65. Ke2 Bg1 66. Kf3 Ba7 67. Kf4 Bb8+ 68. Ke3 Ke5 69. Be8 Kd6 70. Bg6 Ke6 71. Be8 Kd5 72. Bd7 f4+ 73. Kd3 Kc5 74. Bg4 Kb4 75. Kc2 b5 76. axb5 cxb5 77. Bf3 Be5 78. Bc6 Bf6 79. Bd5 Bg7 80. Bc6 Be5 81. Bd5 a4 82. bxa4 Kxa4 83. Bc6 Kb4 84. Kd3 Kc5 85. Bf3 Bd6 86. Be4 Bc7 87. Bf3 Be5 88. Ke4 Bb8 89. Kd3 Kb4 90. Bc6 Bc7 91. Kd4 Bd6 92. Kd3 Kc5 93. Bf3 Be7 94. Ke4 Bg5 95. Kd3 Bh4 96. Ke4 Bg3 97. Kd3 Bf2 98. Ke4 Be3 99. Kd3 Kd6 100. Ke4 Kc6 101. Kd3+ Kc5 102. Kc3 Bg1 103. Kd3 Kb4 104. Bc6 Be3 105. Bd7 Bf2 106. Ke4 Bg3 107. Kd3 f3 108. Kc2 f2 109. Bh3 Ka3 110. Bf1 b4 111. Bc4 b3+ 112. Kb1 Bf4 113. Ba6 Kb4 114. Kb2 Be5+ 115. Kc1 Kc3 116. Kd1 b2 117. Bd3 b1Q+ 118. Bxb1 f1Q# 0-1

[Event "GRE-chT Cup Final"]
[Site "Thessaloniki"]
[Date "2021.12.18"]
[Round "1.3"]
[White "Krallis, Christos"]
[Black "Kosmas Lekkas, Dimitrios"]
[Result "1/2-1/2"]
[WhiteElo "2401"]
[BlackElo "2288"]
[PlyCount "104"]
[EventDate "2021.12.18"]
[EventType "team-k.o."]
[EventRounds "5"]
[EventCountry "GRE"]
[SourceTitle "CBM 205 Extra"]
[Source "ChessBase"]
[SourceDate "2022.01.31"]
[SourceVersion "1"]
[SourceVersionDate "2022.01.31"]
[SourceQuality "1"]
[WhiteTeam "Skakistiki Epikoinonia"]
[BlackTeam "Kotinos APO"]
[WhiteTeamCountry "GRE"]
[BlackTeamCountry "GRE"]

1. d4 Nf6 2. c4 g6 3. Nc3 Bg7 4. e4 d6 5. Be2 0-0 6. Be3 e5 7. d5 Na6 8. g4 Nc5 9. f3 h5 10. g5 Nh7 11. h4 f6 12. gxf6 Bxf6 13. Bf2 Be7 14. Kd2 Rf4 15. Qe1 Bd7 16. b3 a6 17. Kc2 Rb8 18. a3 b5 19. b4 Na4 20. Nxa4 bxa4 21. Nh3 Rxh4 22. Bxh4 Bxh4 23. Qg1 Qf6 24. Nf2 Nf8 25. Nd3 c6 26. dxc6 Bxc6 27. Qa7 Ra8 28. Qb6 Ne6 29. Rag1 Be8 30. Kb2 Nd4 31. Bd1 Bg5 32. Rxh5 Be3 33. Qb7 Rd8 34. Qh7+ Kf8 35. Qh8+ Ke7 36. Rh7+ Bf7 37. Qxf6+ Kxf6 38. Re1 Bd2 39. Rxf7+ Kxf7 40. Rh1 Rc8 41. Rh2 Be3 42. Rh7+ Kf6 43. Rd7 Ke6 44. Bxa4 Rxc4 45. Rg7 Kf6 46. Rd7 Nb5 47. Bxb5 Bd4+ 48. Kb1 axb5 49. Rxd6+ Ke7 50. Rd5 Kf6 51. Rd6+ Ke7 52. Rd5 Kf6 1/2-1/2

[Event "Belgrade Serbia op"]
[Site "Belgrade"]
[Date "2021.07.08"]
[Round "9"]
[White "Yordanov, Lachezar"]
[Black "Kosmas Lekkas, Dimitrios"]
[Result "0-1"]
[WhiteElo "2325"]
[BlackElo "2186"]
[PlyCount "61"]
[EventDate "2021.07.02"]
[EventType "swiss"]
[EventRounds "9"]
[EventCountry "SRB"]
[SourceTitle "EXT 2022"]
[Source "ChessBase"]
[SourceDate "2021.10.06"]
[SourceVersion "1"]
[SourceVersionDate "2021.10.06"]
[SourceQuality "1"]

1. d4 Nf6 2. c4 g6 3. Nc3 Bg7 4. e4 d6 5. Nf3 0-0 6. Be2 e5 7. 0-0 exd4 8. Nxd4 Re8 9. f3 c6 10. Rf2 Nbd7 11. Nb3 Ne5 12. c5 dxc5 13. Qxd8 Rxd8 14. Nxc5 b6 15. Nb3 Nd3 16. Bxd3 Rxd3 17. Rd2 Rxd2 18. Bxd2 Ba6 19. Bg5 h6 20. Bh4 Nd7 21. Rd1 Ne5 22. Nd4 Rc8 23. Nde2 Nd3 24. Rd2 f6 25. Bg3 Bf8 26. Nf4 Nxf4 27. Bxf4 Bc5+ 28. Kh1 g5 29. Bg3 Bc4 30. Rd7 b5 31. h4 0-1

[Event "GRE-chT Online Rapid op 1st"]
[Site "Tornelo INT"]
[Date "2021.02.21"]
[Round "7.6"]
[White "Kotsinis, Alexandros"]
[Black "Kosmas Lekkas, Dimitrios"]
[Result "0-1"]
[WhiteElo "2011"]
[BlackElo "2186"]
[PlyCount "66"]
[EventDate "2021.02.20"]
[EventType "team-swiss (rapid)"]
[EventRounds "9"]
[EventCountry "GRE"]
[SourceTitle "EXT 2023"]
[Source "ChessBase"]
[SourceDate "2022.10.05"]
[SourceVersion "1"]
[SourceVersionDate "2022.10.05"]
[SourceQuality "1"]

1. c4 g6 2. d4 Bg7 3. Nf3 d6 4. Nc3 Nf6 5. e4 0-0 6. Be2 e5 7. d5 a5 8. Bg5 h6 9. Bh4 Na6 10. Nd2 Qe8 11. 0-0 Nh7 12. f3 h5 13. a3 Bd7 14. b3 Bh6 15. Rb1 Be3+ 16. Kh1 Bc5 17. Qc1 f5 18. Na2 g5 19. Be1 f4 20. b4 axb4 21. axb4 Be3 22. Qb2 Rf6 23. Nb3 Rg6 24. c5 Qe7 25. Na5 g4 26. c6 bxc6 27. dxc6 Bc8 28. Bxa6 Rxa6 29. b5 Rxa5 30. Bxa5 g3 31. Rfe1 Qh4 32. h3 Bf2 33. Re2 Bxh3 0-1

[Event "GRE-chT Online Rapid op 1st"]
[Site "Tornelo INT"]
[Date "2021.02.20"]
[Round "3.13"]
[White "Kosmas Lekkas, Dimitrios"]
[Black "Tzamtzis, Konstantinos"]
[Result "1-0"]
[WhiteElo "2186"]
[BlackElo "1763"]
[PlyCount "115"]
[EventDate "2021.02.20"]
[EventType "team-swiss (rapid)"]
[EventRounds "9"]
[EventCountry "GRE"]
[SourceTitle "EXT 2023"]
[Source "ChessBase"]
[SourceDate "2022.10.05"]
[SourceVersion "1"]
[SourceVersionDate "2022.10.05"]
[SourceQuality "1"]

1. d4 d5 2. Bf4 Nf6 3. e3 c5 4. c3 Nc6 5. Nd2 Qb6 6. Qb3 g6 7. Be2 c4 8. Qxb6 axb6 9. a3 Bg7 10. Ngf3 0-0 11. 0-0 Bg4 12. Rfe1 b5 13. Ne5 Bxe2 14. Rxe2 Nh5 15. Nxc6 bxc6 16. Rae1 Nxf4 17. exf4 e6 18. Nf3 Rfc8 19. g3 c5 20. dxc5 Rxc5 21. Rd1 Ra6 22. h4 Rb6 23. Ne5 Rc7 24. Kg2 Rd6 25. h5 f6 26. Nf3 Kf7 27. hxg6+ hxg6 28. Rde1 Rb7 29. Kh3 Rb8 30. g4 Re8 31. Kg3 Rb6 32. g5 f5 33. Rh1 Rh8 34. Rxh8 Bxh8 35. Re1 Rd6 36. Rh1 Bg7 37. Ne5+ Bxe5 38. fxe5 Rd7 39. Rh7+ Ke8 40. Rh8+ Ke7 41. Kf4 d4 42. Rh7+ Ke8 43. Rxd7 Kxd7 44. cxd4 Kc6 45. Ke3 Kd5 46. f4 Kc6 47. Kd2 Kd5 48. Kc3 Ke4 49. a4 bxa4 50. Kxc4 Kxf4 51. Kc5 Ke4 52. d5 f4 53. dxe6 f3 54. e7 f2 55. e8Q f1Q 56. Qxg6+ Kxe5 57. Qd6+ Ke4 58. Qd4+ 1-0

[Event "Kavala op 28th"]
[Site "Kavala"]
[Date "2019.08.10"]
[Round "8"]
[White "Charkhalashvili, Inga"]
[Black "Kosmas Lekkas, Dimitrios"]
[Result "1/2-1/2"]
[WhiteElo "2297"]
[BlackElo "2207"]
[PlyCount "57"]
[EventDate "2019.08.04"]
[EventType "swiss"]
[EventRounds "9"]
[EventCountry "GRE"]
[SourceTitle "CBM 191 Extra"]
[Source "ChessBase"]
[SourceDate "2019.09.30"]
[SourceVersion "1"]
[SourceVersionDate "2019.09.30"]
[SourceQuality "1"]

1. d4 Nf6 2. c4 g6 3. f3 Bg7 4. e4 d6 5. Nc3 0-0 6. Be3 c5 7. dxc5 dxc5 8. Qxd8 Rxd8 9. Bxc5 Nc6 10. Nge2 b6 11. Ba3 Bb7 12. Nc1 e6 13. Nb5 Bh6 14. Nb3 a5 15. Nd6 Ba6 16. Rd1 Nb4 17. Bxb4 axb4 18. g3 Nd7 19. Be2 Be3 20. Kf1 Nc5 21. Kg2 Bc8 22. Nxc5 Bxc5 23. Nxc8 Rdxc8 24. a3 bxa3 25. bxa3 Rxa3 26. Rd2 Rca8 27. Rhd1 Ra2 28. f4 Bb4 29. Rxa2 1/2-1/2

[Event "Thessaloniki White Tower op 40th"]
[Site "Thessaloniki"]
[Date "2018.01.06"]
[Round "6"]
[White "Bulmaga, Irina"]
[Black "Kosmas Lekkas, Dimitrios"]
[Result "1-0"]
[WhiteElo "2417"]
[BlackElo "2142"]
[PlyCount "115"]
[EventDate "2018.01.02"]
[EventType "swiss"]
[EventRounds "9"]
[EventCountry "GRE"]
[SourceTitle "CBM 182 Extra"]
[Source "ChessBase"]
[SourceDate "2018.02.23"]
[SourceVersion "1"]
[SourceVersionDate "2018.02.23"]
[SourceQuality "1"]

1. e4 e5 2. Nf3 Nc6 3. Bb5 a6 4. Ba4 Nf6 5. 0-0 Be7 6. Bxc6 dxc6 7. d3 Nd7 8. Nbd2 0-0 9. Nc4 f6 10. Nh4 Nc5 11. Nf5 Bxf5 12. exf5 Qd7 13. Qg4 Kh8 14. Re1 b5 15. Ne3 Nb7 16. b3 Bc5 17. Bb2 Rad8 18. Rad1 Rfe8 19. Nf1 Nd6 20. Ng3 g6 21. d4 Bxd4 22. Bxd4 exd4 23. Qxd4 Kg7 24. fxg6 hxg6 25. h3 Kf7 26. Rxe8 Rxe8 27. Ne4 Qe6 28. Nxd6+ cxd6 29. Qxd6 Qe2 30. Rd2 Qe1+ 31. Kh2 Re7 32. Rd4 g5 33. Rd3 Qe2 34. Rf3 Qe5+ 35. Qxe5 Rxe5 36. Rc3 c5 37. Kg3 Rd5 38. Kf3 Ke6 39. Re3+ Kf5 40. Rd3 Re5 41. Rd6 a5 42. Ra6 a4 43. bxa4 b4 44. Rc6 Rd5 45. a5 Ke5 46. a6 Kd4 47. a7 Rd8 48. Rd6+ Rxd6 49. a8Q Kc3 50. Qa4 Rd4 51. Qb3+ Kd2 52. g3 f5 53. h4 gxh4 54. gxh4 Rxh4 55. Qd5+ Kxc2 56. Qxf5+ Kb2 57. Qxc5 Kxa2 58. Kg3 1-0

[Event "Nikaia op 25th"]
[Site "Nikaia"]
[Date "2017.08.31"]
[Round "6"]
[White "Leftheriotis, Alexandros"]
[Black "Kosmas Lekkas, Dimitrios"]
[Result "0-1"]
[WhiteElo "1923"]
[BlackElo "2143"]
[PlyCount "104"]
[EventDate "2017.08.26"]
[EventType "swiss"]
[EventRounds "9"]
[EventCountry "GRE"]
[SourceTitle "CBM 180 Extra"]
[Source "ChessBase"]
[SourceDate "2017.10.06"]
[SourceVersion "1"]
[SourceVersionDate "2017.10.06"]
[SourceQuality "1"]

1. e4 e5 2. Nf3 Nc6 3. d4 exd4 4. Nxd4 Nf6 5. Nxc6 bxc6 6. e5 Qe7 7. Qe2 Nd5 8. c4 Nb6 9. Nc3 Ba6 10. Qe4 Qe6 11. b3 Bb4 12. Bd2 Bxc3 13. Bxc3 d5 14. Qh4 dxc4 15. Rc1 Qg6 16. g3 f6 17. bxc4 0-0-0 18. Bh3+ Kb7 19. 0-0 Bxc4 20. Rfe1 fxe5 21. Bxe5 Bxa2 22. Qe7 Qf7 23. Bxc7 Rhe8 24. Bd6+ Rxe7 25. Rxe7+ Qxe7 26. Bxe7 Re8 27. Bc5 Bd5 28. Bf5 g6 29. Bd3 Nd7 30. Bd6 Re6 31. Rb1+ Nb6 32. Bc5 Be4 33. Re1 Bf5 34. Rxe6 Bxe6 35. h4 Nd7 36. Bd4 c5 37. Bc3 Kc6 38. f3 c4 39. Bc2 Kc5 40. g4 Nb6 41. h5 Bf7 42. g5 Nd5 43. Be5 c3 44. Be4 Kc4 45. f4 Ne3 46. h6 a5 47. Bd6 Kb3 48. Bc5 Nd1 49. f5 gxf5 50. Bxf5 c2 51. g6 c1Q 52. gxh7 Qxc5+ 0-1

[Event "Nikaia op 25th"]
[Site "Nikaia"]
[Date "2017.08.28"]
[Round "3"]
[White "Kosmas Lekkas, Dimitrios"]
[Black "Poulopoulos, Ioannis"]
[Result "1/2-1/2"]
[WhiteElo "2143"]
[BlackElo "2290"]
[PlyCount "69"]
[EventDate "2017.08.26"]
[EventType "swiss"]
[EventRounds "9"]
[EventCountry "GRE"]
[SourceTitle "CBM 180 Extra"]
[Source "ChessBase"]
[SourceDate "2017.10.06"]
[SourceVersion "1"]
[SourceVersionDate "2017.10.06"]
[SourceQuality "1"]

1. d4 Nf6 2. c4 e6 3. g3 c5 4. d5 exd5 5. cxd5 d6 6. Nc3 g6 7. Bg2 Bg7 8. Nf3 0-0 9. 0-0 a6 10. a4 Nbd7 11. Nd2 Re8 12. h3 Nh5 13. Nde4 Ndf6 14. g4 Nxe4 15. Nxe4 Nf6 16. Bg5 h6 17. Nxf6+ Bxf6 18. Bxh6 Bxb2 19. Rb1 Be5 20. e3 Qh4 21. Bf4 Bxf4 22. exf4 b5 23. f5 gxf5 24. gxf5 Bxf5 25. Rb3 b4 26. Rg3+ Kf8 27. Qd2 Ra7 28. Re1 Rae7 29. Rxe7 Rxe7 30. a5 Bg6 31. Bf1 Qd4 32. Qh6+ Qg7 33. Qf4 Qe5 34. Qh6+ Qg7 35. Qf4 1/2-1/2

[Event "GRE-chT 41st"]
[Site "Achaia"]
[Date "2013.07.06"]
[Round "6.8"]
[White "Kosmas Lekkas, Dimitrios"]
[Black "Tsakiris, Haralambos"]
[Result "0-1"]
[WhiteElo "2160"]
[BlackElo "2162"]
[PlyCount "46"]
[EventDate "2013.07.02"]
[EventType "team-swiss"]
[EventRounds "7"]
[EventCountry "GRE"]
[SourceTitle "CBM 155 Extra"]
[Source "ChessBase"]
[SourceDate "2013.08.26"]
[SourceVersion "1"]
[SourceVersionDate "2013.08.26"]
[SourceQuality "1"]
[WhiteTeam "Thessaloniki HS"]
[BlackTeam "Kavalas CN"]
[WhiteTeamCountry "GRE"]
[BlackTeamCountry "GRE"]

1. d4 e6 2. c4 Bb4+ 3. Nd2 Nf6 4. Ngf3 0-0 5. a3 Be7 6. e4 d5 7. e5 Nfd7 8. Bd3 c5 9. h4 h6 10. Bb1 cxd4 11. cxd5 exd5 12. Nf1 Nc6 13. Bf4 Re8 14. Qd3 Nf8 15. Kd2 Qa5+ 16. Kd1 Bd7 17. Ng3 Nb4 18. axb4 Qxa1 19. Nxd4 Qxb2 20. Ngf5 Bxb4 21. Bc2 Qa1+ 22. Bc1 Qc3 23. Rh3 Qe1# 0-1

[Event "GRE-chT 41st"]
[Site "Achaia"]
[Date "2013.07.04"]
[Round "4.8"]
[White "Stathopoulos, Ioannis"]
[Black "Kosmas Lekkas, Dimitrios"]
[Result "1-0"]
[WhiteElo "2247"]
[BlackElo "2160"]
[PlyCount "55"]
[EventDate "2013.07.02"]
[EventType "team-swiss"]
[EventRounds "7"]
[EventCountry "GRE"]
[SourceTitle "CBM 155 Extra"]
[Source "ChessBase"]
[SourceDate "2013.08.26"]
[SourceVersion "1"]
[SourceVersionDate "2013.08.26"]
[SourceQuality "1"]
[WhiteTeam "Peristeriou CP"]
[BlackTeam "Thessaloniki HS"]
[WhiteTeamCountry "GRE"]
[BlackTeamCountry "GRE"]

1. d4 d5 2. c4 dxc4 3. Nf3 Nf6 4. e3 e6 5. Bxc4 c5 6. 0-0 a6 7. Bb3 b5 8. e4 Bb7 9. Nbd2 cxd4 10. e5 Nfd7 11. Bc2 Nc6 12. Re1 Qc7 13. Ne4 Nc5 14. Bg5 Nxe5 15. Nxd4 Be7 16. Bf4 Ncd7 17. Rc1 Qb6 18. Ng3 Bc5 19. Ngf5 0-0 20. Bxe5 exf5 21. Nxf5 Bxf2+ 22. Kh1 Bxe1 23. Qg4 Qg6 24. Ne7+ Kh8 25. Nxg6+ fxg6 26. Bxg7+ Kxg7 27. Qxd7+ Rf7 28. Qd4+ 1-0

[Event "GRE-chT 41st"]
[Site "Achaia"]
[Date "2013.07.03"]
[Round "2.8"]
[White "Kosmas Lekkas, Dimitrios"]
[Black "Pappelis, Dimitrios"]
[Result "1-0"]
[WhiteElo "2160"]
[BlackElo "2063"]
[PlyCount "115"]
[EventDate "2013.07.02"]
[EventType "team-swiss"]
[EventRounds "7"]
[EventCountry "GRE"]
[SourceTitle "CBM 155 Extra"]
[Source "ChessBase"]
[SourceDate "2013.08.26"]
[SourceVersion "1"]
[SourceVersionDate "2013.08.26"]
[SourceQuality "1"]
[WhiteTeam "Thessaloniki HS"]
[BlackTeam "Irakleiou Contact"]
[WhiteTeamCountry "GRE"]
[BlackTeamCountry "GRE"]

1. d4 d5 2. c4 e6 3. Nc3 c5 4. cxd5 exd5 5. Nf3 Nc6 6. g3 Nf6 7. Bg2 Be7 8. 0-0 0-0 9. Bg5 c4 10. Ne5 Be6 11. b3 Qa5 12. Na4 Rac8 13. bxc4 dxc4 14. Bd2 Qd8 15. Nxc6 bxc6 16. Bc3 Nd5 17. e4 Nxc3 18. Nxc3 Bf6 19. Ne2 Qd7 20. f4 Bg4 21. Bf3 Bxf3 22. Rxf3 Rfd8 23. e5 Be7 24. f5 Bg5 25. h4 Bh6 26. g4 g6 27. Qf1 c5 28. Rd1 c3 29. Nxc3 cxd4 30. Ne4 Bg7 31. e6 fxe6 32. f6 e5 33. fxg7 Qxg4+ 34. Qg2 Qxg2+ 35. Kxg2 Rc2+ 36. Kg3 Kxg7 37. Ng5 Rdc8 38. Rdf1 R2c3 39. Rxc3 Rxc3+ 40. Rf3 Rxf3+ 41. Kxf3 h6 42. Ne4 Kf7 43. Nf2 Kf6 44. Ng4+ Ke6 45. Ke4 d3 46. Kxd3 Kf5 47. Nxh6+ Kf4 48. Nf7 e4+ 49. Ke2 Kg4 50. Ne5+ Kxh4 51. Nc6 a6 52. Nb8 a5 53. a4 g5 54. Nc6 g4 55. Nxa5 g3 56. Nc4 g2 57. Kf2 Kh3 58. Ne3 1-0

[Event "GRE-chT 41st"]
[Site "Achaia"]
[Date "2013.07.02"]
[Round "1.8"]
[White "Athanasiou, Georgios"]
[Black "Kosmas Lekkas, Dimitrios"]
[Result "0-1"]
[WhiteElo "1947"]
[BlackElo "2160"]
[PlyCount "46"]
[EventDate "2013.07.02"]
[EventType "team-swiss"]
[EventRounds "7"]
[EventCountry "GRE"]
[SourceTitle "CBM 155 Extra"]
[Source "ChessBase"]
[SourceDate "2013.08.26"]
[SourceVersion "1"]
[SourceVersionDate "2013.08.26"]
[SourceQuality "1"]
[WhiteTeam "Ikarias Tzelepis"]
[BlackTeam "Thessaloniki HS"]
[WhiteTeamCountry "GRE"]
[BlackTeamCountry "GRE"]

1. e4 c5 2. Nf3 e6 3. d4 cxd4 4. Nxd4 a6 5. Nc3 Qc7 6. Be3 Bb4 7. Qd2 Nf6 8. f3 d5 9. Bd3 e5 10. Nde2 d4 11. Nxd4 exd4 12. Bxd4 Nc6 13. Bxf6 gxf6 14. a3 Bxc3 15. Qxc3 Qe5 16. Qb3 b5 17. c3 Be6 18. Qc2 Rd8 19. a4 Qc5 20. axb5 Ne5 21. Be2 Qe3 22. Rd1 Rxd1+ 23. Qxd1 Bc4 0-1

[Event "GRE-chT 40th"]
[Site "Achaia"]
[Date "2012.07.04"]
[Round "6.4"]
[White "Kosmas Lekkas, Dimitrios"]
[Black "Naoum, Spyridon"]
[Result "1-0"]
[WhiteElo "2167"]
[BlackElo "2115"]
[PlyCount "39"]
[EventDate "2012.06.30"]
[EventType "team-swiss"]
[EventRounds "7"]
[EventCountry "GRE"]
[SourceTitle "CBM 149 Extra"]
[Source "ChessBase"]
[SourceDate "2012.08.24"]
[SourceVersion "1"]
[SourceVersionDate "2012.08.24"]
[SourceQuality "1"]
[WhiteTeam "Thessaloniki"]
[BlackTeam "Chania ADA"]
[WhiteTeamCountry "GRE"]
[BlackTeamCountry "GRE"]

1. d4 Nf6 2. c4 g6 3. Nc3 d5 4. Nf3 Bg7 5. Bg5 0-0 6. e3 c5 7. cxd5 cxd4 8. Bxf6 Bxf6 9. Nxd4 Qb6 10. Qd2 Bxd4 11. exd4 e6 12. dxe6 Bxe6 13. d5 Rd8 14. Be2 Nc6 15. 0-0 Qc5 16. Rad1 Ne7 17. Bf3 Kg7 18. Ne4 Qc4 19. b3 Qc7 20. Qb2+ 1-0

[Event "GRE-chT 40th"]
[Site "Achaia"]
[Date "2012.07.02"]
[Round "4.4"]
[White "Hristodoulou, Panagiotis"]
[Black "Kosmas Lekkas, Dimitrios"]
[Result "1/2-1/2"]
[WhiteElo "2223"]
[BlackElo "2167"]
[PlyCount "47"]
[EventDate "2012.06.30"]
[EventType "team-swiss"]
[EventRounds "7"]
[EventCountry "GRE"]
[SourceTitle "CBM 149 Extra"]
[Source "ChessBase"]
[SourceDate "2012.08.24"]
[SourceVersion "1"]
[SourceVersionDate "2012.08.24"]
[SourceQuality "1"]
[WhiteTeam "Korydallos"]
[BlackTeam "Thessaloniki"]
[WhiteTeamCountry "GRE"]
[BlackTeamCountry "GRE"]

1. e4 c5 2. Nf3 Nc6 3. d4 cxd4 4. Nxd4 Nf6 5. Nc3 e5 6. Ndb5 d6 7. Bg5 a6 8. Na3 b5 9. Bxf6 gxf6 10. Nd5 f5 11. c3 Bg7 12. exf5 Bxf5 13. Nc2 0-0 14. Nce3 Bd7 15. Bd3 f5 16. 0-0 e4 17. Bc2 f4 18. Bxe4 fxe3 19. Qh5 h6 20. Qg6 e2 21. Qh7+ Kf7 22. Qg6+ Kg8 23. Qh7+ Kf7 24. Qg6+ 1/2-1/2

[Event "GRE-chT 40th"]
[Site "Achaia"]
[Date "2012.07.01"]
[Round "2.5"]
[White "Kosmas Lekkas, Dimitrios"]
[Black "Konstantinidis, Konstantinos"]
[Result "1-0"]
[WhiteElo "2167"]
[BlackElo "1949"]
[PlyCount "97"]
[EventDate "2012.06.30"]
[EventType "team-swiss"]
[EventRounds "7"]
[EventCountry "GRE"]
[SourceTitle "CBM 149 Extra"]
[Source "ChessBase"]
[SourceDate "2012.08.24"]
[SourceVersion "1"]
[SourceVersionDate "2012.08.24"]
[SourceQuality "1"]
[WhiteTeam "Thessaloniki"]
[BlackTeam "Triandrias"]
[WhiteTeamCountry "GRE"]
[BlackTeamCountry "GRE"]

1. d4 Nf6 2. c4 e6 3. Nc3 Bb4 4. Qc2 0-0 5. a3 Bxc3+ 6. Qxc3 d6 7. Bg5 Nbd7 8. e3 Qe7 9. Ne2 Re8 10. Ng3 h6 11. Bxf6 Qxf6 12. Be2 e5 13. dxe5 Qxe5 14. Qc2 Nc5 15. 0-0 a5 16. b3 Bd7 17. Rad1 Bc6 18. Rd4 Ne4 19. Bf3 Nxg3 20. hxg3 Bxf3 21. gxf3 g6 22. Kg2 Kg7 23. Rh1 b6 24. b4 axb4 25. axb4 Qf6 26. c5 dxc5 27. bxc5 Re5 28. cxb6 cxb6 29. Rf4 Rf5 30. Rxf5 gxf5 31. Rb1 Re8 32. Qc7 Re6 33. Rb5 Rc6 34. Qa7 Re6 35. Rb4 Qg6 36. Qa1+ Kh7 37. Qb1 Rc6 38. Rb5 Rf6 39. Qd3 h5 40. Qd4 Rd6 41. Qf4 Rf6 42. Kh3 Qh6 43. Qe5 Qg5 44. e4 Kg6 45. Qd4 Qc1 46. exf5+ Rxf5 47. Rxb6+ f6 48. Kg2 Qc5 49. Rxf6+ 1-0

[Event "GRE-chT 39th"]
[Site "Eretria"]
[Date "2011.07.07"]
[Round "6.3"]
[White "Kosmas Lekkas, Dimitrios"]
[Black "Kaforos, Dimitrios Alkis"]
[Result "0-1"]
[WhiteElo "2193"]
[BlackElo "2193"]
[PlyCount "46"]
[EventDate "2011.07.03"]
[EventType "team-swiss"]
[EventRounds "7"]
[EventCountry "GRE"]
[SourceTitle "CBM 143 Extra"]
[Source "ChessBase"]
[SourceDate "2011.08.29"]
[SourceVersion "1"]
[SourceVersionDate "2011.08.29"]
[SourceQuality "1"]
[WhiteTeam "AEK"]
[BlackTeam "Nikaia Fysiolatris"]
[WhiteTeamCountry "GRE"]
[BlackTeamCountry "GRE"]

1. d4 Nf6 2. c4 e6 3. Nc3 Bb4 4. Qc2 d5 5. cxd5 exd5 6. Bg5 c5 7. a3 Bxc3+ 8. bxc3 Nbd7 9. f3 0-0 10. Bd2 cxd4 11. cxd4 Nb6 12. e3 Bd7 13. Ba5 Re8 14. Qd2 Qe7 15. Kf2 Rac8 16. Bxb6 Rc2 17. Qxc2 Qxe3+ 18. Kg3 Ne4+ 19. Qxe4 Rxe4 20. h3 axb6 21. Ne2 Re6 22. Rb1 Rg6+ 23. Kh2 Bxh3 0-1

[Event "GRE-chT 39th"]
[Site "Eretria"]
[Date "2011.07.06"]
[Round "5.4"]
[White "Kosmas Lekkas, Dimitrios"]
[Black "Galopoulos, Nikolaos"]
[Result "0-1"]
[WhiteElo "2193"]
[BlackElo "2327"]
[PlyCount "66"]
[EventDate "2011.07.03"]
[EventType "team-swiss"]
[EventRounds "7"]
[EventCountry "GRE"]
[SourceTitle "CBM 143 Extra"]
[Source "ChessBase"]
[SourceDate "2011.08.29"]
[SourceVersion "1"]
[SourceVersionDate "2011.08.29"]
[SourceQuality "1"]
[WhiteTeam "AEK"]
[BlackTeam "Thessaloniki Galaxias"]
[WhiteTeamCountry "GRE"]
[BlackTeamCountry "GRE"]

1. d4 Nf6 2. c4 e6 3. Nc3 Bb4 4. Qc2 0-0 5. a3 Bxc3+ 6. Qxc3 Ne4 7. Qc2 f5 8. Nh3 d6 9. f3 Nf6 10. e3 e5 11. dxe5 dxe5 12. Nf2 Qe7 13. Be2 Nc6 14. 0-0 Be6 15. b3 Rad8 16. Qc3 a5 17. Re1 Rfe8 18. Bb2 Qc5 19. Bd3 Rd7 20. Bc2 Qe7 21. Rad1 Rxd1 22. Rxd1 Qf7 23. Bd3 b6 24. Be2 Qe7 25. f4 exf4 26. exf4 Bf7 27. Bf3 Nd4 28. Rf1 c5 29. Kh1 Bh5 30. Bxh5 Nxh5 31. Nd3 Qh4 32. Rf3 Nxf3 33. gxf3 Re2 0-1

[Event "Ambelokipi op 111th"]
[Site "Athens"]
[Date "2011.03.16"]
[Round "2"]
[White "Kosmas Lekkas, Dimitrios"]
[Black "Panagiotakos, Petros"]
[Result "1-0"]
[WhiteElo "2188"]
[BlackElo "1856"]
[PlyCount "99"]
[EventDate "2011.03.12"]
[EventType "swiss"]
[EventRounds "7"]
[EventCountry "GRE"]
[SourceTitle "EXT 2024"]
[Source "ChessBase"]
[SourceDate "2023.10.10"]
[SourceVersion "1"]
[SourceVersionDate "2023.10.10"]
[SourceQuality "1"]

1. d4 Nf6 2. c4 g6 3. Nc3 Bg7 4. e4 d6 5. Nf3 0-0 6. Be2 e5 7. Be3 Ng4 8. Bg5 f6 9. Bh4 c6 10. d5 cxd5 11. Qxd5+ Kh8 12. 0-0-0 Nc6 13. h3 Nh6 14. Qxd6 Qa5 15. Qd5 Qb6 16. Qd6 Rd8 17. Qa3 Be6 18. Rd6 Rxd6 19. Qxd6 Nd4 20. Qxb6 Nxe2+ 21. Nxe2 axb6 22. Nd2 Rxa2 23. Kb1 Ra8 24. Nc3 g5 25. Bg3 f5 26. f3 Rc8 27. b3 Nf7 28. Bf2 Rc6 29. Nb5 Bf8 30. Na7 Rd6 31. Kc2 Bd7 32. Kc3 g4 33. exf5 gxh3 34. g4 Rh6 35. Be3 Rh4 36. Bxb6 Bh6 37. Bf2 Bxd2+ 38. Kxd2 Rh6 39. Be3 Rh4 40. Ke2 e4 41. Kf2 exf3 42. Kg3 Rh6 43. Bxh6 Nxh6 44. Kxf3 Nf7 45. Kf4 Kg7 46. Rxh3 h6 47. Rd3 Be8 48. Re3 Kf8 49. Re6 Bd7 50. Rb6 1-0